000 00662cam a2200193 a 4500
999 _c7175
_d7175
020 _a9780393934267
020 _a0393934268
050 0 0 _aPN6014
_b.N75
100 _aBooth Alison(ed.)
245 0 4 _aThe Norton introduction to literature /
_c[edited by] Alison Booth, Kelly J. Mays.
250 _a10th ed.
260 _aNew York :
_bW.W. Norton & Co.,
_c2010.
300 _axl, 2360, 53 p., [16] p. of plates :
_bill. (some col.) ;
_c25 cm.
500 _aIncludes Index
505 _aFiction Poetry Drama Index of Authors Index of Titles and First Lines Index of Literary Terms
650 0 _aLiterature
700 1 _aMays, Kelly J. (ed.)
942 _cBK